000 01015nma a22002177a 4500
003 NALT
005 20251223105404.0
006 g q ||
008 th tha d
040 _aNALT
041 _atha
090 _aCD 2493
110 2 _aการท่องเที่ยวแห่งประเทศไทย
_9571
245 1 0 _aรายงานประจำปี 2557 การท่องเที่ยวแห่งประเทศไทย /
_cการท่องเที่ยวแห่งประเทศไทย.
260 _aกรุงเทพฯ :
_bการท่องเที่ยวแห่งประเทศไทย,
_cม.ป.ป..
300 _a1 แผ่น :
_bSd., Col.
610 2 4 _aการท่องเที่ยวแห่งประเทศไทย
_xรายงานประจำปี
_y2557
_967156
850 _aNALT
856 4 0 _uhttps://hdl.handle.net/20.500.14156/464905
942 _cCD
_2local
999 _c74531
_d74531
998 _j104
_k นางสาวสายฝน ดีงาม